Consejo Superior de Educación: República de Chile. 8 años de experiencia 1990-1998
Salvato in:
| Natura: | Libro |
|---|---|
| Lingua: | spagnolo |
| Pubblicazione: |
Santiago
Consejo Superior de Educación
1998
|
| Soggetti: | |
| Tags: |
Aggiungi Tag
Nessun Tag, puoi essere il primo ad aggiungerne!!
|
MARC
| LEADER | 00000cam a2200000 a 4500 | ||
|---|---|---|---|
| 001 | UCG9089 | ||
| 003 | CL-VaPUC | ||
| 008 | 120120e19980400CL |||||||||||||||||spa|d | ||
| 082 | 0 | 4 | |a 379.201 |b CON |2 21 |
| 245 | 1 | 0 | |a Consejo Superior de Educación: República de Chile. 8 años de experiencia 1990-1998 |
| 300 | |a 51 p | ||
| 942 | |c BK | ||
| 945 | |d 20120120 00:00:00 |a dcastane | ||
| 260 | |a Santiago |b Consejo Superior de Educación |c 1998 | ||
| 650 | 0 | |a Política educacional |9 308011 | |
| 650 | 0 | |a Calidad de la educación |9 307271 | |
| 651 | 7 | |a CHILE |2 CL-VaPUC |9 560492 | |
| 583 | |a last modification |c 20120126 02:11:41 |k Rodrigo Vera | ||
| 999 | |c 346663 |d 346661 | ||
| 952 | |0 0 |1 0 |4 0 |6 379_201000000000000_CON_1998 |7 0 |8 ED_SUP |9 447463 |a BIBGIM |b BIBGIM |c S_PSTGRDO |d 2019-11-22 |i 4835921 |o 379.201 CON 1998 |p 4835921 |r 2025-01-15 |w 2019-11-22 |y BK |k ESU | ||